| 000 | 00356 a2200121 4500 | ||
|---|---|---|---|
| 001 | ART_2073 | ||
| 005 | 20260410161722.0 | ||
| 008 | 260409a | ||
| 245 | 1 | 0 | _aAdministrar para el futuro |
| 100 | 1 | _aBuzell, Roberto D. | |
| 700 | 1 | _aChussil, Mark J. | |
| 773 | 0 |
_tAdministración de empresas _g- Año XVII, Nº 201 (dic. 1986) _wREV2036 |
|
| 999 |
_c17090 _d17090 |
||